| 000 | 00524nam a2200193Ia 4500 | ||
|---|---|---|---|
| 003 | GCL | ||
| 008 | 140319s9999 xx 000 0 ara d | ||
| 040 |
_aGCL / _cGCL |
||
| 082 | 0 | 4 |
_a811.9 _bج غ |
| 100 | 1 | _aجريدة الوعى | |
| 245 | 1 | 0 |
_aغناوى ولاد الارض / _cجريدة الوعى |
| 300 | _a95 ص | ||
| 490 |
_aكتاب الوعى _v0 |
||
| 650 | 0 | 4 | _aالشعر العربى |
| 650 | 0 | 4 | _aالادب العربى |
| 650 | 0 | 4 | _aالعصر الحديث |
| 650 | 0 | 4 | _aالزجل |
| 942 |
_2ddc _cBK |
||
| 999 |
_c40669 _d40669 |
||